000 00361 a2200157 4500
001 61672
020 _a8532243568
040 _cAnchieta - Pituba
100 _aSantos, Magaly Terezinha dos
240 1 0 _aVivendo ciências
_lpor
245 1 0 _aVivendo ciências
300 _a192
362 0 _a1999
650 4 _aCiências naturais e matemática
942 _cBK
999 _c61672
_d61672